| 000 | 00996nam a2200277 a 4500 | ||
|---|---|---|---|
| 001 | 000006377 | ||
| 003 | DO-SdBNP | ||
| 005 | 20180327131623.0 | ||
| 007 | 000006377 | ||
| 008 | 090828s2008 dr a 000 p spa d | ||
| 040 |
_aBPMSU _bspa _cBPMSU |
||
| 092 |
_aRD861.44 _bP433t |
||
| 100 | 1 | _aPerdomo, Ramón | |
| 245 | 1 | 0 |
_aTrises del recuerdo / _cRamón Perdomo ; prólogo Víctor Villegas. |
| 260 |
_aSan Pedro de Macorís, República Dominicana : _bCemex : _bGobierno Municipal San Pedro de Macorís, _c2008. |
||
| 300 |
_a70 p. : _bil. ; _c21 cm. |
||
| 500 | _aIncluye datos biográficos del autor en la solapa de la contracubierta. | ||
| 590 | _aLa biblioteca posee 3 ejemplares autográfiados por el autor. | ||
| 650 | 4 | _aPOESÍA DOMINICANA | |
| 650 | 4 | _aLITERATURA DOMINICANA | |
| 700 | 1 |
_aVillegas, Víctor, _epról. |
|
| 910 | _aValidado. Control de calidad BNPHU | ||
| 942 |
_2ddc _cBK |
||
| 945 | _aRemanejada para la BNPHU / VM | ||
| 956 |
_aVMATEO _b10 _c20150428 _lBPMSU _h00151 |
||
| 999 |
_c7740 _d7740 |
||